The genius of Italy
保存先:
| 第一著者: | |
|---|---|
| フォーマット: | 図書 |
| 言語: | Undetermined |
| 出版事項: |
New York
Oxford University Press
1949
|
| 主題: | |
| タグ: |
タグ追加
タグなし, このレコードへの初めてのタグを付けませんか!
|
| Thư viện lưu trữ: | Trung tâm Học liệu Trường Đại học Cần Thơ |
|---|
| LEADER | 00514nam a2200193Ia 4500 | ||
|---|---|---|---|
| 001 | CTU_219322 | ||
| 008 | 210402s9999 xx 000 0 und d | ||
| 082 | |a 945 | ||
| 082 | |b O.42 | ||
| 100 | |a Olschki, Leonardo | ||
| 245 | 4 | |a The genius of Italy | |
| 245 | 0 | |c Leonardo Olschki | |
| 260 | |a New York | ||
| 260 | |b Oxford University Press | ||
| 260 | |c 1949 | ||
| 650 | |a Italy,Nước Ý | ||
| 650 | |x Civilization,Văn minh | ||
| 904 | |i Qhieu | ||
| 980 | |a Trung tâm Học liệu Trường Đại học Cần Thơ | ||